[Event "Match 78__120'/40"]
[Site "Zurich"]
[Date "2024.??.??"]
[Round "14"]
[White "Mephisto Polgar sel. 5"]
[Black "Saitek D+ EGR 10 MHz"]
[Result "1-0"]
[WhiteElo "1991"]
[BlackElo "1992"]
[Annotator "Utzinger,K"]
[PlyCount "86"]
[EventDate "2024.05.22"]
[EventType "match"]
[SourceVersionDate "2024.04.21"]

{[%evp 0,86,19,31,72,53,68,67,59,36,32,33,70,67,67,47,35,38,27,13,34,37,33,13,2,3,36,-24,-12,5,12,21,43,42,35,40,37,37,68,84,98,89,105,96,77,89,89,68,101,108,112,115,183,161,325,201,360,370,414,424,371,385,479,396,492,550,568,603,633,709,740,790,825,825,856,671,712,695,726,731,839,522,1345,1336,29979,29980,29983,29984,29985]} 1. e4 c5 {Match 120'/40 | Bediener: Rolf Bühler | 14. Partie: Weiss (Mephisto Polgar) gewinnt | Zwischenstand: 8,0-6,0 (57,1%) für Saitek D+ / hypothetisch: 9,0-5,0 (64,3%) für Mephisto Polgar | Eröffnung: Sizilianischer Drachen, Jugoslawischer Angriff, Rauser Variante | Bei gegenseitigen Rochaden war eigentlich ein scharfer Kampf zu erwarten. Die Partie bewegte sich aber eher in positionellen und ruhigen Gefilden. Keiner der beiden Kontrahenten schaffte es, einen Königsangriff auf die Beine zu stellen. Bei dem halbherzigen Angriffsversuch von Schwarz gegen die lange Rochade des Gegners, verzettelte sich der Saitek D+ mit seinem Turm und liess diesen weit weg vom Schuss auf h4 einschliessen. Dann genügte der Fehler 24...Df8?, um die Partie in den Sand zu setzen. Dank aktiven Figuren und völliger Beherrschung der offenen f-Linie gelingt es dem Mephisto Polgar, seinen Gegner praktisch lahmzulegen. Ein Befreiungsversuch des Saitek D+ scheitert dann kläglich. Ein wichtiger Sieg für das holländische Programm von Ed Schroeder} 2. Nf3 d6 3. d4 cxd4 4. Nxd4 Nf6 5. Nc3 {***ENDE BUCH*** +/= (0.36) (55%)} g6 6. Be3 Bg7 7. f3 O-O 8. Qd2 Nc6 9. O-O-O Nxd4 10. Bxd4 Be6 {***ENDE BUCH*** +/- (0.90) (70%)} 11. Nd5 {Eine gute Alternative zu den üblichsten Abspielen, die vor allem das bekannte Manöver ...Da5 ausschaltet.} (11. Kb1 {ist die mit Abstand meist gespielte Fortsetzung}) (11. g4 {steht an zweiter Stelle in der Praxis}) 11... Bxd5 {Das Schlagen mit dem Springer hat keinen guten Ruf.} (11... Nxd5 12. Bxg7 Kxg7 13. exd5 $16 {und Weiss steht klar besser.}) 12. exd5 Qc7 (12... Nxd5 $4 {Dieser Bauer ist natürlich tabu.} 13. Bxg7 Kxg7 14. Qxd5 $18) 13. g4 (13. Kb1 {Dieser präventive Königszug gilt auch hier als stärker, weil nach ...Tfc8 (Tac8) die taktische Drohung ...Sxd5!, Lxg7 Kxg7, Dxd5 Dxc2 Matt behoben ist.}) 13... Rfc8 {Heutzutage hat sich 13...Tac8 stärker eingebürgert. Die Begründung dafür müssen Dragon-Spezialisten liefern. Und wie erwähnt, liegt nun ...Sxd5 in der Luft, weil es auf c2 Matt werden könnte mit dem weissen König auf c1.} 14. c3 {Die beste Verteidigung.} Qa5 {Es scheint keine guten Alternative zu geben.} 15. g5 $14 {Weiss ist am Drücker und hat die Initiative. Aber noch ist nichts verloren für Schwarz.} Nh5 16. Bh3 ({Oder} 16. Bxg7 Nxg7 17. Kb1 Re8 18. h4 $14) 16... Rc4 (16... Bxd4 17. Qxd4 Rc7 18. Kb1 Rb8 19. Rhe1 b5 {ist eine prüfenswert Alternative.}) 17. Bxg7 Nxg7 18. Kb1 $14 Ra4 $6 $16 {Damit kommt Schwarz vom richtigen Weg ab und gerät in Nachteil. Richtiger war 18...b5 für die Einleitung eines Angriffs.} 19. b3 {Turm und Dame von Schwarz sind nun wenig günstig platziert.} Qb6 20. Rhe1 Rh4 {Der Turm hat es schwer, einen vernünftigen Standort zu finden.} 21. Bd7 {Dieser Läufer hat hier nichts verloren und hätte nach g4 gehen sollen.} (21. Bg4 $1 f5 22. gxf6 exf6 23. Re7 Rf8 (23... f5 $2 24. Qg5 Rxh2 25. Qf6 $18) 24. Be6+ Kh8 25. Re1 {mindestens +/- oder gar +-, denn Schwarz dürfte es hier schwerfallen, die Stellung zu halten.}) 21... Qd8 22. Bg4 {Droht mit 23.Df2 Material zu gewinnen.} f6 23. Re2 $2 {Verschenkt fast seinen ganzen Vorteil.} Kh8 $2 {Schwarz kann sein Glück nicht erkennen. Nach 23...fxg5 bliebe der gefährdete Th4 gedeckt.} 24. h3 {[#]} Qf8 $2 $18 {[%mdl 2] ***Verlustzug*** Nach 24...fxg5 wäre der Kampf unter Oldies noch nicht entschieden.} 25. f4 fxg5 (25... f5 26. Qe1 Rxg4 27. hxg4 fxg4 28. Qg3 Qc8 29. c4 Qd7 {bietet etwas stärkeren Widerstand}) 26. fxg5 Qf7 27. Qd4 {Der sofortige Angriff 27.De1 verdient den Vorzug.} b6 (27... Qf5+ {rettet ebenso wenig} 28. Bxf5 Rxd4 29. Rxd4 Nxf5 30. Rc4 $18) 28. Rf2 Qg8 29. Rdf1 {Weiss hat nun seinen Gegner praktisch lahmgelegt.} Re8 30. Rf3 Rb8 31. Qe3 e5 {Aus diesem Vorstoss spricht berechtigte Verzweiflung.} (31... Re8 32. Rf7 $18) 32. dxe6 {Gegen die Drohung e6-e7, gefolgt Tf8 gibt es nur eine sinnvolle Verteidigung.} Rxg4 {Noch am besten.} 33. hxg4 Nxe6 34. Rf7 {Weiss hat Mattangriff.} Ng7 35. Qd4 Re8 36. Rxa7 {Nach 36.Dxd6 wird es Matt in 17. Aber schliesslich kann man nur einmal gewinnen.} Rf8 37. Re1 Rf7 38. Rxf7 Qxf7 39. Qxd6 b5 40. c4 Kg8 41. cxb5 Qf8 42. Qxf8+ Kxf8 43. b6 Kf7 {***AUFGEGEBEN***} 1-0

[Event "Match 78__120'/40"]
[Site "Zurich"]
[Date "2024.??.??"]
[Round "15"]
[White "Saitek D+ EGR 10 MHz"]
[Black "Mephisto Polgar sel. 5"]
[Result "0-1"]
[WhiteElo "1992"]
[BlackElo "1991"]
[Annotator "Utzinger,K"]
[PlyCount "117"]
[EventDate "2024.05.22"]
[EventType "match"]
[SourceVersionDate "2024.04.21"]

{[%evp 0,117,19,38,25,16,13,60,31,16,19,12,11,1,-3,-31,-7,-13,-17,-20,-19,-20,-15,-10,-30,-30,-29,-37,-2,-2,17,-62,-56,-67,0,-8,13,11,19,7,16,20,25,-13,-25,-61,-25,0,-44,-61,-43,-31,-45,-39,-39,-33,-20,-100,-77,-84,-69,-71,-75,-102,-87,-89,-82,-106,-91,-132,-108,-96,-92,-83,-95,-94,-98,-98,-95,-92,-82,-58,-79,-84,-82,-93,-93,-117,-93,-226,-226,-304,-268,-271,-244,-276,-244,-552,-599,-617,-719,-752,-1012,-1439,-1479,-1479,-1535,-28245,-1499,-1499,-1002,-1002,-1002,-1022,-1022,-1022,-1022,-1022,-1032,-1032]} 1. e4 e5 {Match 120'/40 | Bediener: Rolf Bühler | 15. Partie: Schwarz (Mephisto Polgar) gewinnt | Zwischenstand: 8,0-7,0 (53,3%) für Saitek D+ / hypothetisch: 10,0-5,0 (66,6%) für Mephisto Polgar | Eröffnung: Russische Verteidigung | Frühzeitig fallen die Kontrahenten aus ihren Eröffnungsbüchern, was sich sofort auf die Qualität des Mittelspiels auswirkt. Schon im 10. Zug sind die Damen vom Brett verschwunden. Nach Damentausch erhält Schwarz etwas Vorteil, kann daraus aber nichts machen. Und nach 29 Zügen steht ein Doppel-Turmendspiel auf dem Brett. Nach dem weissen Fehler 1.Txa7? und Tausch eines Turmpaares bekommt Schwarz eine gewonnene Stellung. In diesem lehrreichen Turmendspiel beginnt das fast übliche Hin und Her. Der Mephisto Polgar vergibt viermal (4x) Gewinnstellungen, bis der Saitek D+ schliesslich nach seinen fünften Verlustzug 44.Tc7+? die Partie nicht mehr retten kann.} 2. Nf3 Nf6 3. d4 Nxe4 4. dxe5 d5 {***ENDE BUCH*** = (0.24) (53%)} 5. exd6 {***ENDE BUCH*** = (0.00) (50%)} Bxd6 6. Bd3 Nc5 7. Bg5 {Nicht am besten.} (7. Be2 $1 {Vermeidet den Tausch seines Angriffsläufers.} O-O 8. Nc3 Nc6 $11) (7. O-O {ist noch spielbar, aber heikler, denn nach} Nxd3 8. Qxd3 O-O 9. Ng5 $5 (9. Nc3 {ist solider} h6 {verhindert Lg5 und Sg5} 10. Nb5 Be7 $11) 9... g6 10. Nc3 Nc6 11. h3 Bf5 12. Qc4 Bxc2 {ist unklar, ob Weiss genügend Kompensation für den Bauern hat.}) 7... Nxd3+ 8. Qxd3 Bb4+ 9. Nc3 Qxd3 10. cxd3 Bg4 11. O-O $6 (11. a3 {erdient den Vorzug.} Bxc3+ 12. bxc3 Nc6 13. Kd2 $15) 11... Bxf3 12. gxf3 Nc6 13. Nd5 Ba5 14. b4 Nxb4 15. Rfe1+ Kd7 16. Re7+ Kd6 $6 $11 {Das falsche Feld für den König, der seine Chance besser nach 16...Kc8 hätte wahrnehmen können.} (16... Kc8 17. Nxb4 Bxb4 18. Rxf7 Rf8 $1 19. Rxf8+ (19. Rxg7 $4 Bc3 $19) 19... Bxf8 $17) 17. Nxb4 f6 18. Rae1 fxg5 19. R1e6+ {Die weissen Türme sind recht aktiv, so dass der Anziehende genügend Kompensation für den Bauern hat.} Kc5 20. Nc2 h6 21. Re5+ (21. Kf1 $11 {mit dem Plan, den Königs ins Zentrum zu führen, sichert ebenfalls den Ausgleich.}) 21... Kb6 22. Ne3 Ka6 23. R5e6+ c6 24. Rxg7 $2 {Eine spürbare Ungenauigkeit. Der geschlagene Bauer hat keinen Wert. Weiss hätte besser darauf hingewirkt, seinen Figuren noch mehr Aktivität einzuräumen. Zu diesem Zweck bot sich 24.d4, gefolgt von d4-d5, an. Dann stünde Schwarz nur noch leicht besser.} (24. d4 Rhg8 25. d5 Rac8 26. Kg2 Bb4 27. Rd7 Bc5 28. h3 Bb6 29. Rf7 $11 {und es ist nicht zu sehen, wie Schwarz weitere Fortschritte machen könnte.}) 24... Rad8 25. Ree7 Rxd3 26. Rxb7 Bb6 27. Rbf7 Ra3 28. Nc4 Rxa2 29. Nxb6 Kxb6 {[#] Nun sind wir in einem für unsere Oldies wie immer schwierigen (Doppel-)Turmendspiel gelandet. Dieses sollte mit Remis enden, aber gehen erfahrungsgemäss doch noch für eine Partei verloren.} 30. Rb7+ Kc5 $11 31. Rxa7 $2 $19 {[%mdl 2] Verlustzug Nr. 1} (31. Rg6 $11 {bindet wegen der Drohung Tc7 die gegnerischen Kräfte, so dass Schwarz keine Fortschritte machen kann.}) 31... Rxa7 32. Rxa7 Kd5 $2 $14 {Vergibt mit diesem passiven Zug das 1. Mal den Gewinn.} (32... Rf8 33. Kg2 Rf6 34. Ra1 Rf4 $19 {Nun kann der schwarze auf Schachs von vorne seinen Turm dazwischen stellen. Dem tödlichen Vormarsch den c-Bauern steht also nichts mehr im Wege.}) 33. Kg2 $2 $19 {[%mdl 2] Verlustzug Nr. 2. In solchen Endspielen zählt jedes Tempo. Und es ist vielfach enorm schwierig die Auswirkung jedes Zuges exakt zu berechnen. Im vorliegenden Fall gewinnt Schwarz ein wichtiges Tempo für den ungestörten Vormarsch seines Freibauern auf der c-Linie. Und gleichzeitig vergeudet der weisse König ein Tempo, weil der König in vielen Varianten via f1 ins Zentrum eilen sollte. Ich gebe ein mögliches Beispiel.} (33. Rd7+ Ke6 (33... Kc4 34. f4 $1 {Weiss will sich selbst einen Freibauern schaffen.} gxf4 35. Kg2 c5 36. Kf3 Kb3 37. Rb7+ Kc3 38. Kxf4 c4 39. Rb6 Kd2 40. Rd6+ Kc2 41. h4 c3 42. Rc6 $11 {und auch hier geht es nicht weiter}) 34. Rg7 c5 35. Kf1 c4 36. Ke2 Kd5 37. Kd2 Rf8 38. Rd7+ Kc6 39. Rh7 Rf6 40. Rh8 Kc5 41. h3 Kb4 42. Rb8+ Ka3 43. Ra8+ Kb4 44. Rb8+ $11 {und es geht für Schwarz nicht weiter}) 33... c5 34. Rd7+ Ke5 35. Kf1 {Das kommt jetzt zu spät.} c4 {Ungenau, aber noch immer genügend für den Sieg. Ungenau deshalb, weil Schwarz die Chance hätte nutzen sollen, seinen Turm nach f6 zu bringen, wo er seinen Bauern h6 schützt, die gegnerischen Bauern auf der f-Linie angreift und unter Umständen die weissen Turmschachs von hinten parieren kann.} (35... Rf8 36. Ke2 Rf6 37. Ke3 Rf4 38. Re7+ Kd5 39. Rh7 Rh4 40. Kd3 c4+ 41. Kc3 Rxh2 42. Rh8 Rxf2 43. Rf8 Ke5 44. Kxc4 Rd2 45. Rf7 Rd4+ 46. Kc5 (46. Kc3 h5 47. Rg7 Kf6 48. Rh7 Kg6 49. Rxh5 Rh4 $1 $19) 46... Rf4 47. Re7+ Kf6 48. Re3 h5 $19) 36. Ke2 Ra8 37. Rh7 Ra2+ $2 {Vermasselt den Sieg zum 2. Mal, der mit dem uns schon bekannten Manöver ...Ta6 nebst ...Tf6 möglich war.} 38. Ke3 Ra3+ 39. Ke2 $2 $19 {[%mdl 2] Verlustzug Nr. 3 statt mit Annäherung des Königs zum gegnerischen Freibauern durch 39.Kd2 den Ausgleich sicherzustellen.} Kd4 $2 {Vergibt damit den Gewinn zum 3. Mal durch den Verzicht des bekannten Manövers, seinen Turm nach f6 zu bringen, beginnend mit 39...Ta6 nebst ...Tf6.} 40. Rxh6 Ra2+ 41. Ke1 c3 42. Rd6+ Kc4 $11 43. Rd7 $2 $19 {[%mdl 2] Verlustzug Nr. 4} (43. Kd1 $1 $11 Rxf2 44. Rc6+ Kb4 45. Rb6+ Ka3 46. Ra6+ Kb2 47. Rb6+ Ka1 48. Kc1 Rxh2 49. Ra6+ Ra2 50. Rxa2+ Kxa2 51. Kc2 Ka1 $1 52. Kxc3 Kb1 53. Kd4 Kc2 54. Ke4 Kd2 55. Kf5 Ke3 56. Kg4 Kf2 57. f4 gxf4 58. Kxf4) 43... Rb2 $2 {Vermasselt den Gewinn zum 4. Mal.} {[#]} 44. Rc7+ $2 {[%mdl 2] Verlustzug Nr. 5 und der letzte Fehler, der die Partie entscheidet.} (44. Kd1 $1 $11 {gleicht aus} Rxf2 45. Rc7+ Kd3 46. Rd7+ Ke3 47. Rg7 Rg2 48. h3 Kxf3 49. Kc1 {und Schwarz kann keine Fortschritte mehr machen. Dem König gelingt es nicht, seinen c-Bauern zu unterstützen wegen den Schachgeboten des gegnerischen Turms, weil sich der König nirgends verstecken oder seinen Turm zur Deckung dieser Schachgebote dazwischestellen kann. Und der weisse Bauer h3 lässt sich nicht erobern, ohne dass der schwarze Bauer g5 sein Leben lassen muss.}) 44... Kb3 {Nun aber kann sich der schwarze König den gegnerischen Turmschachs entziehen.} 45. Rb7+ (45. Kd1 Rb1+ 46. Ke2 c2 $19) 45... Ka2 46. Rc7 (46. Ra7+ Kb1 $19 {und die Umwandlung des Bauern ist gesichert.}) 46... c2 {Gegen die Drohung ...Kb1 nebst ...c1D ist kein Kraut gewachsen.} 47. Kd2 Kb1 48. Ke1 c1=Q+ 49. Rxc1+ Kxc1 {Christian würde hier abbrechen, aber wie üblich lassen wir weiterspielen.} 50. Kf1 Kd1 51. Kg2 Ke2 52. Kh3 Rb4 53. Kg3 Rh4 54. f4 gxf4+ {Gibt den Turm und wickelt in ein gewonnenes Bauernendspiel ab. Ob das der Mephisto Polgar berechnet hat. Muss wohl der Fall sein, ansonsten natürlich 54...Txf4 am Platz gewesen wäre.} 55. Kxh4 Kxf2 56. Kg5 f3 57. h4 Kg3 58. h5 f2 59. Kg6 {***AUFGEGEBEN***} 0-1

[Event "Match 78__120'/40"]
[Site "Zurich"]
[Date "2024.??.??"]
[Round "16"]
[White "Mephisto Polgar sel. 5"]
[Black "Saitek D+ EGR 10 MHz"]
[Result "0-1"]
[WhiteElo "1991"]
[BlackElo "1992"]
[Annotator "Utzinger,K"]
[PlyCount "153"]
[EventDate "2024.05.22"]
[EventType "match"]
[SourceVersionDate "2024.04.21"]

{[%evp 0,153,22,-28,57,55,38,38,21,33,36,27,82,67,87,47,48,29,56,-25,-20,-31,-9,-8,-7,0,0,-40,-30,-40,-28,-37,-38,-61,-81,-63,-39,-61,-71,-79,-63,-60,-57,-66,-48,-73,-81,-106,-114,-157,-140,-190,-153,-167,-182,-182,-175,-184,-154,-155,-146,-155,-140,-165,-159,-157,-148,-167,-165,-164,-170,-159,-173,-176,-181,-195,-196,-198,-198,-198,-158,-205,-168,-178,-181,-175,-146,-160,-159,-155,-142,-177,-134,-134,-134,-134,-150,-148,-132,-163,-124,-141,-139,-164,-161,-169,-167,-173,-173,-168,-180,-206,-219,-212,-211,-222,-222,-233,-230,-228,-228,-228,-232,-232,-232,-237,-237,-246,-237,-272,-275,-292,-316,-319,-326,-332,-345,-361,-377,-398,-415,-489,-437,-552,-646,-720,-923,-962,-972,-992,-992,-1126,-29972,-1376,-1439,-1509]} 1. c4 {***ENDE BUCH*** = (0.16 ++) (52%)} g6 {Match 120'/40 | Bediener: Rolf Bühler | 16. Partie: Schwarz (Saitek D+) gewinnt | Zwischenstand: 9,0-7,0 (56,2%) für Saitek D+ / hypothetisch: 10,0-6,0 (62,5%) für Mephisto Polgar | Eröffnung: Moderne Verteidigung, Tartakower System | Schwarz kommt besser aus der Eröffnung. Frühzeitig, im 11. Zug, werden die Damen getauscht. Infolge ungenauen Spiels geht für Weiss im 20. Zug ein Bauer verloren, so dass der Gegner auf die Siegerstrasse kommt. In einem wie fast immer für unsere Oldies schwierigen Endspiel vergibt der Saitek D+ mit einem verfrühten Bauernschnapp den Gewinn. Dass der Mephisto Polgar das remisliche Endspiel mit 2 Minusbauern dann aber doch nicht halten konnte, ist keine Überraschung. Bei Farbtausch wäre die Sache wohl nicht anderes verlaufen.} 2. d4 d6 {***ENDE BUCH*** +/= (0.46) (57%)} 3. Nf3 Bg7 4. e4 Bg4 5. Be2 c5 {Eine weniger übliche Fortsetzung, aber m.E. durchaus brauchbar. Gebräuchlicher sind} (5... Nc6 6. Be3 e5 7. d5 $14) (5... Bxf3 6. Bxf3 Nc6 7. Be3 e5 8. d5 Nd4 $14) 6. dxc5 {Mit diesem harmlosen Tausch ist natürlich kein Blumentopf zu gewinnen, bzw. kann Weiss auf keinen Eröffnungsvorteil hoffen.} Qa5+ {Schwarz will dem Damentausch nach 6...dxc5 7.Dxd8+ ausweichen.} 7. Bd2 Qxc5 8. Qb3 {Weiss behebt damit die Drohung ...Lxf3, Lxf3 Dxc4 und so ist der Damenzug verständlich. Man darf von unseren Oldies nicht erwarten, dass sie sich für das stärkere 8.Sc3 entscheiden, weil der dann mögliche Bauernschnapp auf c4 dem Schwarzen spürbare Nachteile in Form von weissem Entwicklungsvorsprung und gutem Figurenspiel einbrächte.} (8. Nc3 Bxf3 9. Bxf3 Qxc4 10. Rc1 {Mit der fürchterlichen Drohung Sd5, Dame zieht, Sc7+ und der schwarze Turm auf a8 wäre erobert.} Na6 11. Nd5 Qd3 12. b4 Be5 13. Nc3 Qd4 (13... Nxb4 $2 14. Qb3 $18) 14. a3 Nf6) 8... Nc6 9. h3 {Vordringlicher ist Entwicklung durch z.B. 9.Sc3. Da für Schwarz das Feld d4 wichtig ist, stand der Abtausch ...Lxf3 so oder so zur Diskussion. Also verliert Weiss mit dem Textzug ein unnötiges Tempo.} (9. Qxb7 $4 Rb8 10. Qa6 Bxb2 $19) 9... Bxf3 10. Bxf3 b5 {Schwarz macht sich die Stärke des Lg7 und die Schwäche des b2-Bauern zunutze. Der Textuzug bringt im Endeffekt aber nichts ein. . Deshalb war Entwicklung mit 10...Sf6 vorzuziehen.} 11. Qxb5 Qxb5 12. cxb5 Bxb2 13. Bc3 $6 {Nicht am besten. Ausgleich war noch mit 13.Sc3 oder 13.e5 zu haben.} Bxa1 14. Bxh8 Bxh8 15. bxc6 Rc8 $17 {Nun steht Schwarz besser.} 16. Be2 {Genauer 16.Ld1, weil der jetzt auf b5 auftauchende Läufer wegen einmal ...Tb8 ein Tempo verlieren muss.} Kd8 17. Bb5 Rb8 18. a4 a6 19. Bd3 ({Natürlich nicht} 19. Bxa6 $4 Rxb1+ {und gewinnt}) 19... Rb6 20. Ke2 Rxc6 {Am Ende des Tages bleibt Weiss mit einem Bauern weniger sitzen.} 21. Nd2 Kc7 22. Bc4 e6 {[#]} 23. Kd3 $2 {[%mdl 2] Macht aus einer ungünstigen eine verlorene Stellung. Nach 23.Ld3 oder 23.a5 kann Weiss noch Widerstand leisten.} Nf6 24. Rf1 Nd7 25. Bb3 Nc5+ 26. Ke2 Nxb3 27. Nxb3 Rc2+ 28. Nd2 d5 ({Einfacher gewinnt} 28... Bc3 29. Kd3 Rxd2+ 30. Kxc3 Ra2 31. Kb4 Re2 $19 {denn es geht ein zweiter Bauer verloren.}) 29. exd5 exd5 30. Kd3 Ra2 31. Re1 Bf6 32. Re8 Ra3+ 33. Ke2 Kd6 34. Rb8 Rxa4 {Der Saitek D+ hat es auf Umwegen ebenfalls geschafft, einen zweiten Bauern einzuheimsen. In der Folge schleichen sich aber diverse Ungenauigkeiten ein, die den Sieg erschweren.} 35. Rb6+ Ke7 36. Rb7+ Ke8 37. Rb8+ Bd8 38. Nb3 Ra2+ 39. Ke3 Kd7 40. Nc5+ Kc7 41. Ra8 Bg5+ $6 {ungenau} (41... Kc6 $1 42. Rxa6+ (42. Nxa6 $2 Bb6+ 43. Kd3 Kb7 $19) 42... Rxa6 43. Nxa6 Be7 44. Kd4 Bd6 45. h4 h6 46. g4 f6 47. Kd3 h5 48. f3 (48. f4 Bxf4 $19) 48... Kb5 49. Kd4 Kxa6 50. Kxd5 Bg3 51. gxh5 gxh5 52. Ke4 Bxh4 53. f4 Be1 $19) 42. f4 Bh4 $6 {ungenau} (42... Ra3+ 43. Kd4 Bxf4 44. Kxd5 Kb6 45. Ne4 h5 46. Rf8 Rd3+ 47. Kc4 Rd7 $19) 43. Rxa6 {Um diesen Bauer ist es schade.} (43. Nxa6+ $2 Kb7 44. Rb8+ Ka7 $19 {und der Springer geht verloren}) 43... Rxg2 44. Kd4 Rd2+ $6 {ungenau} (44... Rf2 45. Ra7+ Kd6 46. Rd7+ Kc6 47. Rxf7 Rf3 48. Nd3 Kd6 49. Kc3 h5 50. Kc2 Ke6 51. Rg7 Kf5 52. Rf7+ Ke4 53. Nc5+ Ke3 54. Rd7 Kxf4 55. Rxd5 Rxh3 $19) 45. Nd3 Kd7 46. Ke3 Rh2 47. Kd4 $19 {[#]} Rxh3 $2 $11 {[%mdl 32768] Wirft auf einen Schlag den Gewinn weg.} (47... Ke7 48. Kxd5 Bf6 49. Ke4 Rxh3 $19) 48. Ne5+ Kc7 49. Kxd5 {Weiss wird noch einen schwarzen Bauern erobern. Oder Weiss kann manchmal das Endspiel Turm gegen Turm+Läufer erreichen. In beiden Fällen ist es Remis.} Kb7 (49... f6 50. Ng4 f5 51. Ne5 Kb7 52. Ra2 Kb6 53. Rg2 Kb5 54. Nxg6 hxg6 55. Rxg6 Be1 56. Ke6 Rh4 57. Kxf5 Bd2 58. Rg2 Bxf4 $11) 50. Ra2 f6 51. Rb2+ $6 {Lässt den gegnerischen König näher an seine Bauern heran.} (51. Nd7 Rd3+ (51... Kc7 52. Nf8 $11) 52. Ke6 Rd4 53. f5 Re4+ 54. Kf7 gxf5 55. Nxf6 Bxf6 56. Kxf6 f4 57. Kf5 Rb4 58. Kg4 Kc6 59. Rf2 Kd6 60. Rxf4 $11) 51... Kc7 {[#]} 52. Rc2+ $2 {[%mdl 2] Erlaubt dem schwarzen König, sich seinen Bauern noch mehr anzunähern und wieder eine gewonnene Stellung zu erreichen.} Kd8 53. Nc6+ Ke8 54. Nd4 Re3 55. Rh2 Bg3 56. Rxh7 Bxf4 $19 {Damit ist der Kampf entschieden.} 57. Kc4 Re4 58. Kd5 Re5+ 59. Kc4 Re7 60. Rh8+ Kf7 61. Rh7+ Kf8 62. Rh4 g5 63. Rh1 Kg8 64. Rg1 Kf7 65. Rg2 Kg6 66. Ra2 g4 {Gegen die verbundenen Freibauern ist kein Kraut gewachsen.} 67. Kd5 Re5+ 68. Kc6 Be3 69. Rg2 f5 70. Nc2 Kg5 71. Kd6 Kf4 72. Nxe3 Rxe3 73. Rf2+ Ke4 74. Ra2 g3 75. Ke7 g2 76. Ra1 f4 77. Kd8 {***AUFGEGEBEN***} 0-1